000 00431nam a22001697a 4500
003 NUST - PNEC
005 20170116180920.0
008 150904b xxu||||| |||| 00| 0 eng d
020 _a-
040 _cLIBRARY
082 _a621.3 ADM
100 _97719
_aSharama, D.K.
245 _aSolved examples in electrical calculations
_cD.K. Sharma
260 _cc.1984
650 _97726
_aElectrical engineering
_xEE
942 _2ddc
_cBK
999 _c65595
_d65595